Development and Employment in Kenya (Record no. 539)
[ view plain ]
| 000 -LEADER | |
|---|---|
| fixed length control field | 00406nam a22001097a 4500 |
| 008 - FIXED-LENGTH DATA ELEMENTS--GENERAL INFORMATION | |
| fixed length control field | 230606b xxu||||| |||| 00| 0 eng d |
| 082 ## - DEWEY DECIMAL CLASSIFICATION NUMBER | |
| Classification number | 338.96762 |
| Item number | NDE |
| 245 ## - TITLE STATEMENT | |
| Title | Development and Employment in Kenya |
| Remainder of title | A Strategy for the Transformation of he Economy: Report of the Presidential Committee on Employment |
| 260 ## - PUBLICATION, DISTRIBUTION, ETC. (IMPRINT) | |
| Place of publication, distribution, etc. | Kenya |
| Name of publisher, distributor, etc. | His Excellency the President |
| Date of publication, distribution, etc. | January, 1991 |
| 300 ## - PHYSICAL DESCRIPTION | |
| Extent | iii, 279 p |
| 942 ## - ADDED ENTRY ELEMENTS (KOHA) | |
| Source of classification or shelving scheme | Dewey Decimal Classification |
| Koha item type | Books |
| Withdrawn status | Lost status | Source of classification or shelving scheme | Damaged status | Not for loan | Home library | Current library | Date acquired | Total Checkouts | Full call number | Barcode | Date last seen | Price effective from | Koha item type |
|---|---|---|---|---|---|---|---|---|---|---|---|---|---|
| Dewey Decimal Classification | Bunge Tower Library | Bunge Tower Library | 06/06/2023 | 338.96762 NDE | 1000337 | 06/06/2023 | 06/06/2023 | Books | |||||
| Dewey Decimal Classification | Bunge Tower Library | Bunge Tower Library | 06/06/2023 | 338.96762 NDE | 1000336 | 06/06/2023 | 06/06/2023 | Books |
